书目信息 |
| 题名: |
科学与未来
|
|
| 作者: | 谈锋 编辑 | |
| 分册: | 4 | |
| 出版信息: | 香港 香港现代文化企业公司 1980 |
|
| 页数: | 52页 | |
| 开本: | 26cm | |
| 丛书名: | ||
| 单 册: | ||
| 中图分类: | N55 | |
| 科图分类: | ||
| 主题词: | 自然科学--连续出版物 , 自然科学--斯刊 | |
| 电子资源: | ||
| ISBN: | ||
| 000 | 00524nam0 2200193 450 | |
| 001 | 0632007155 | |
| 005 | 20060425091741.68 | |
| 010 | @dCNY0.40 | |
| 100 | @a20060425d1980 km y0chiy0120 ea | |
| 101 | 0 | @achi |
| 200 | 1 | @a科学与未来@Ake xue yu wei lai@h4@f谈锋编辑@Ftan feng bian ji |
| 210 | @a香港@c香港现代文化企业公司@d1980 | |
| 215 | @a52页@d26cm | |
| 606 | 0 | @a自然科学@x连续出版物 |
| 606 | 0 | @a自然科学@x斯刊 |
| 690 | @aN55@v3 | |
| 701 | 0 | @a谈锋@Atan feng@4编辑 |
| 801 | 0 | @aCN@bPFT@c20060425 |
| 905 | @a10447@dN55@e4/80 | |
| 科学与未来.4/谈锋编辑.-香港:香港现代文化企业公司,1980 |
| 52页;26cm |
| ISBN :CNY0.40 |
| ● |
| 相关链接 |
|
|
|
|
正题名:科学与未来
索取号:N55/4/80
 
预约/预借
| 序号 | 登录号 | 条形码 | 馆藏地/架位号 | 状态 | 备注 |
| 1 | 0039067 | 202284679 | 密集书库/ [索取号:N55/4/80] | 在馆 |